Guess NBA Player By Their Nickname - Statistics

General Stats
  • This quiz has been taken 68 times
  • The average score is 37 of 55
Answer Stats
Hint Answer % Correct
Black Mamba Kobe Bryant
98%
Ice Trae Trae Young
95%
Dr.J Julius Erving
91%
Uncle Drew Kyrie Irving
91%
Joker Nikola Jokic
91%
Luka Magic Luka Doncic
89%
The Greek Freak Giannis Antetokounmpo
88%
The Logo Jerry West
88%
The GOAT Michael Jordan
88%
The Big Diesel Shaquille O'Neal
88%
The Klaw Kawhi Leonard
86%
Magic Magic Johnson
86%
Ant-Man Anthony Edwards
84%
Slim Reaper Kevin Durant
82%
DRose Derrick Rose
80%
Spida Donovan Mitchell
80%
The Beard James Harden
80%
The Sky Hook Kareem Abdul-Jabbar
80%
Big KAT Karl Anthony-Towns
80%
The Chosen One LeBron James
80%
T-MAC Tracy McGrady
80%
PG13 Paul George
79%
Clyde The Glide Clyde Drexler
77%
Jimmy Buckets Jimmy Butler
77%
The Brow Anthony Davis
75%
The Mail Man Karl Malone
75%
The Answer Allen Iverson
73%
Baby Face Assasain Stephen Curry
73%
Alien Victor Wembanyama
73%
Dame Dolla Damian Lillard
71%
The Dream Hakeem Olajuwon
70%
The Big Fundamental Tim Duncan
68%
Point God Chris Paul
66%
The Admiral David Robinson
66%
White Chocolate Jason Williams
66%
Free Throw Merchant Shai Gilgeous-Alexander
63%
Flash Dwyane Wade
61%
The Glove Gary Payton
61%
Big Ticket Kevin Garnett
61%
The Worm Dennis Rodman
57%
The Big O Oscar Robertson
57%
Air Canada Vince Carter
54%
The Process Joel Embiid
52%
The Truth Paul Pierce
50%
Big Ben Ben Wallace
46%
Boogie DeMarcus Cousins
46%
The Great White Hope Larry Bird
45%
Agent 0 Gilbert Arenas
43%
The Human Highlight Dominique Wilkins
41%
The Big Dipper Wilt Chamberlain
34%
Kum Buckets Jonathan Kuminga
32%
High Griffinition Blake Griffen
21%
Skywalker David Thompson
13%
Melo Carmelo Ball
4%
The Moment Tyrese Haliburton
4%
No matching quizzes found
Score Distribution
Percent of People with Each Score
Percentile by Number Answered
Your Score History
You have not taken this quiz